000 00629nam a2200217Ia 4500
003 OSt
005 20221007065422.0
006 a|||||r|||| 00| 0
007 ta
008 221006b |||||||| |||| 00| 0 eng d
024 _a42,886
037 _cDissertations
040 _aFLL
_cFLL
_beng
041 _2eng
_aeng
100 _aSingh Upendra
_9481706
245 0 _aArmed forces (special powers) act, 1958
_b an instrument of terror or counter insurgency
260 _aFaculty
_bof law University of Delhi
_c2012
300 _a118 xliii
_ccm.
942 _cDIS
_2CC
999 _c1137238
_d1137238